Top 5 countries in each continent with the most rainfall - Statistics

General Stats
  • This quiz has been taken 48 times
  • The average score is 17 of 30
Answer Stats
Hint Answer % Correct
North America Costa Rica
90%
South America Ecuador
88%
Europe United Kingdom
88%
South America Colombia
86%
North America Nicaragua
86%
North America Panama
83%
South America Suriname
83%
South America Venezuela
83%
South America Guyana
81%
Europe Norway
79%
Asia Indonesia
76%
Asia Malaysia
67%
Europe Iceland
62%
Oceania Papua New Guinea
60%
Oceania Fiji
52%
Oceania Vanuatu
52%
Oceania Samoa
50%
Oceania Solomon Islands
50%
Asia Bangladesh
48%
North America Grenada
48%
North America Saint Lucia
48%
Asia Singapore
48%
Asia Brunei
43%
Africa Equatorial Guinea
31%
Africa Liberia
29%
Africa Sao Tome & Principe
29%
Africa Sierra Leone
29%
Europe Switzerland
26%
Africa Seychelles
24%
Europe Albania
19%
No matching quizzes found
Score Distribution
Percent of People with Each Score
Percentile by Number Answered
Your Score History
You have not taken this quiz